000 00269nam a22001337a 4500
020 _a0-19-567989-X
082 _a425
_bSWA/P
100 _aSWAN, MICHAEL
245 _aPRACTICAL ENGLISH USAGE
260 _bOXFORD
300 _a653
650 _aVOCABULARY
942 _cBK
999 _c3869
_d3869